00916nam a2200241Ia 4500003000400000005001700004008004100021020001800062040001800080041000800098082002100106100002600127245012400153250001200277260004600289300002900335650003700364650003400401650002700435942003000462999001900492952016300511OSt20240816142903.0210716s2013 xx 000 0 und d a9788126520473 cAIMIT LIBRARY aeng a374.22 21bTRAB aTracy, Brian.9177428 aGetting rich your own way : bachieve all your financial goals faster than you ever thought possible /cBy Brian Tracy. a1st ed. aNew Delhi :bWiley India Pvt Ltd ,c2013. axix,284p. ;bPBc23.9 cm aLearn how to become rich9177429 aBecome a money magnet9177430 aLead the field9177431 2ddccBKe1stk374.22 TRAB c208736d208736 00102ddc40708MBAaAIMITbAIMITd2014-10-28g450.00iBill no:585; Bill dt:2014-08-23l0o374.22 TRABpMBA11302r2026-05-23 00:00:00v337.50w2021-07-16yBK